| 000 | 00343nam a2200157Ia 4500 | ||
|---|---|---|---|
| 999 |
_c6200 _d6200 |
||
| 003 | OSt | ||
| 005 | 20190921195836.0 | ||
| 008 | 190906s9999||||xx |||||||||||||| ||und|| | ||
| 020 | _a978-1118411100 | ||
| 040 | _cmaju | ||
| 100 | _aAnton,Howard | ||
| 245 | 0 | _aCaculus | |
| 260 |
_aCanada _bMcGraw-Hill _c1915 |
||
| 300 | _a1008 | ||
| 942 |
_cBK _2ddc |
||